LEADER 00946nam a2200241 i 4500 001 000000037009 003 CaOOAMICUS 005 20040617000000.0 008 040617s1980 it u000 u ita u 013 $a7233 040 $aSeMil$bita 100 1 $aRossi, Enzo.$0(OLS)http://semarc/name/17577 245 12$aL'arte sacra oggi :$bbellezza e verità /$cEnzo Rossi. 260 $aRoma :$bStudium,$ccopyr. 1980. 300 $a188 p. ;$c17 cm. 490 0 $aNuova universale Studium ;$v37 650 4$aArte e Chiesa.$0(OLS)http://semarc/subject/5463 650 4$aArte sacra.$0(OLS)http://semarc/subject/1332 830 0$aNuova universale Studium ;$v37.$0(OLS)http://semarc/title/5890 850 $aSeMil 852 $aSeMil$W1$xVenegono$y1$m5M I 74$j3164$B3164$CSeMilBibl$Z2$F3164 $81 996 $6245$aL'arte sacra oggi :$bbellezza e verità$9(OLS)http://semarc/title/51581 996 $6260$aRoma :$bStudium$9(OLS)http://semarc/publisher/29617 LEADER 01002nam a2200241 i 4500 001 000000189025 003 CaOOAMICUS 005 20100428000000.0 008 100428s1967 it u000 u ita u 013 $a167280 040 $aSeMil$bita 100 1 $aAlbèrgamo, Francesco.$0(OLS)http://semarc/name/6512 245 10$aFenomenologia della superstizione /$cFrancesco Albèrgamo. 260 $aRoma :$bEditori Riuniti,$c1967. 300 $a271 p. ;$c22 cm. 490 0 $aNuova biblioteca di cultura ;$v69 650 4$aSuperstizione - Aspetti religiosi.$0(OLS)http://semarc/subject/21650 650 4$aSuperstizione.$0(OLS)http://semarc/subject/35244 830 0$aNuova biblioteca di cultura ;$v69.$0(OLS)http://semarc/title/7069 850 $aSeMil 852 $aSeMil$W1$xVenegono$y1$m2X IV 187$j139660$B139660$CSeMilBibl$Z2$F151259 $81 996 $6245$aFenomenologia della superstizione$9(OLS)http://semarc/title/272137 996 $6260$aRoma :$bEditori Riuniti$9(OLS)http://semarc/publisher/30240